Tablas dinámicas en Excel 2007

Na minha lista:
Detalhes bibliográficos
Autor principal: Menchén Peñuela, Antonio (autor)
Formato: Livro
Idioma:espanhol
Publicado em: Ciudad de México Alfaomega Grupo Editor 2007
Edição:1a. ed
Colecção:Alfaomega Ra-ma
Assuntos:
Tags: Adicionar Tag
Sem tags, seja o primeiro a adicionar uma tag!

MARC

LEADER 00000cam a2200000 a 4500
001 UCE2988
003 CL-VaPUC
008 140807e20070000mx |||||||||||||||||spa|d
020 |a 9786077686095 
082 0 4 |a 005.39  |b MEN  |2 21 
100 |a Menchén Peñuela, Antonio  |e autor  |9 581937 
245 1 0 |a Tablas dinámicas en Excel 2007 
250 |a 1a. ed 
300 |a 171 p 
942 |c BK 
945 |d 20140807 14:45:00  |a arojas 
260 |a Ciudad de México  |b Alfaomega Grupo Editor  |c 2007 
500 |a Incluye CD 
650 7 |a EXCEL  |2 CL-VaPUC  |9 397885 
650 7 |a PROGRAMAS PARA COMPUTADOR  |2 CL-VaPUC  |9 575533 
650 0 |a Programas para computadores  |9 260340 
650 0 |a Proceso de datos   |9 259776 
583 |a last modification  |c 20140808 12:47:25  |k Rodrigo Vera 
490 0 |a Alfaomega Ra-ma 
999 |c 356502  |d 356500